00485nam a2200193Ia 4500003000400000005001700004008004100021020001500062040000700077041001200084082002100096100001700117245005900134260002800193300003000221365001300251650001200264650001500276OSt20250701180351.0210423s2005 xx 000 0 und d a041524384x cAL aEnglish a070.1 223bMOOM aShaun Moores aMedia/ theory: thinking about media and communications aLondonbRoutledgec2005 av,212p.bPBc21.5x13.7cm. b395cINR aGeneral aMass Media